Posterior Bayes factors.
Opis všeobecnej procedúry výpočtu Bayesových faktorov určených pre porovnávanie ľubovoľných modelov. Použitie aposteriorného priemeru namiesto apriorného a jeho výhody.
Na minha lista:
| Autor principal: | |
|---|---|
| Formato: | Capítulo de Livro |
| Idioma: | inglês |
| Assuntos: | |
| Tags: |
Sem tags, seja o primeiro a adicionar uma tag!
|
MARC
| LEADER | 00000naa a2200000 4500 | ||
|---|---|---|---|
| 001 | r007295 | ||
| 005 | 20221213085121.4 | ||
| 041 | 0 | |a eng | |
| 044 | |a GB | ||
| 245 | 1 | 0 | |a Posterior Bayes factors. |c A. Murray |
| 520 | |a Opis všeobecnej procedúry výpočtu Bayesových faktorov určených pre porovnávanie ľubovoľných modelov. Použitie aposteriorného priemeru namiesto apriorného a jeho výhody. | ||
| 610 | 2 | 0 | |a metódy matematicko-štatistické |
| 610 | 2 | 0 | |a matematika |
| 610 | 2 | 0 | |a modely |
| 100 | 1 | |a Murray, A. | |